| 000 | 00333nam a2200133Ia 4500 | ||
|---|---|---|---|
| 008 | 191201s2007 xx 000 0 und d | ||
| 082 |
_a621.37 _bGUE |
||
| 100 | _aGUPTA,J.B | ||
| 245 | 0 | _aElectronic Instrumentation and Measurement | |
| 260 |
_aN. Delhi _bS.K.Kataria _c2007 |
||
| 300 | _a433 | ||
| 650 | _aB.Tech(ECE) | ||
| 942 |
_2ddc _cBK |
||
| 999 |
_c659 _d659 |
||